[Event "Santo Domingo Inmortales op"]
[Site "Santo Domingo"]
[Date "2016.11.18"]
[Round "1"]
[White "Barjan Pinedo, Jose Antonio"]
[Black "Sepulveda Herrera, Job Rodrigo"]
[Result "1-0"]
[WhiteElo "2047"]
[BlackElo "2236"]
[PlyCount "71"]
[EventDate "2016.11.18"]
[EventType "swiss"]
[EventRounds "8"]
[EventCountry "DOM"]
[SourceTitle "EXT 2018"]
[Source "ChessBase"]
[SourceDate "2017.10.13"]
[SourceVersion "1"]
[SourceVersionDate "2017.10.13"]
[SourceQuality "1"]

1. e4 b6 2. d4 Bb7 3. Bd3 Nf6 4. f3 e6 5. Ne2 d5 6. e5 Nfd7 7. 0-0 c5 8. c3 Ba6 9. Be3 Bxd3 10. Qxd3 Nc6 11. f4 g6 12. Na3 c4 13. Qc2 Bxa3 14. bxa3 0-0 15. f5 exf5 16. Nf4 b5 17. Rf3 Nb6 18. Raf1 f6 19. Ne6 Qd7 20. Nxf8 Rxf8 21. Bh6 fxe5 22. Bxf8 e4 23. Rxf5 gxf5 24. Bh6 Qe6 25. Qd2 Qg6 26. Qg5 Qxg5 27. Bxg5 Na4 28. Rxf5 Kg7 29. Bd2 Ne7 30. Re5 Kf7 31. Kf2 Nb2 32. Ke2 Nd3 33. Rh5 Kg7 34. g3 Nb2 35. Re5 Kf7 36. Bg5 1-0

[Event "DOM-ch"]
[Site "Santo Domingo"]
[Date "2016.04.16"]
[Round "10"]
[White "Sepulveda Herrera, Job Rodrigo"]
[Black "Abreu Jean, Carlos Paul"]
[Result "0-1"]
[WhiteElo "2223"]
[BlackElo "2265"]
[PlyCount "94"]
[EventDate "2016.04.01"]
[EventType "swiss"]
[EventRounds "11"]
[EventCountry "DOM"]
[SourceTitle "CBM 171 Extra"]
[Source "ChessBase"]
[SourceDate "2016.04.26"]
[SourceVersion "1"]
[SourceVersionDate "2016.04.26"]
[SourceQuality "1"]

1. d4 d5 2. Bf4 Nf6 3. e3 c5 4. Nf3 Nc6 5. Be2 Qb6 6. Nc3 Bf5 7. Na4 Qa5+ 8. c3 cxd4 9. exd4 e6 10. 0-0 Be7 11. Qb3 0-0 12. Rfe1 Nh5 13. Be3 Qc7 14. Nd2 Nf6 15. Qd1 Bd6 16. Nf1 b6 17. Bd3 Bg6 18. Bxg6 hxg6 19. Rc1 Rac8 20. f3 Na5 21. g3 Nc4 22. b3 Na3 23. Nb2 b5 24. Nd3 Nd7 25. Bf2 a5 26. h4 Qb8 27. f4 b4 28. c4 dxc4 29. bxc4 Nxc4 30. h5 gxh5 31. Qxh5 Nf6 32. Qg5 Qb7 33. Ne5 Bxe5 34. fxe5 Ne4 35. Qf4 Nc3 36. Ra1 Nb6 37. Nh2 Nbd5 38. Qg4 g6 39. Be3 Nxe3 40. Rxe3 Nd5 41. Re2 Rc3 42. Rae1 Ne7 43. Rf1 Nf5 44. Rxf5 exf5 45. Qf4 Qb5 46. Rf2 Qd5 47. Re2 Rd8 0-1

[Event "CHI-ch sf Centro"]
[Site "Santiago de Chile"]
[Date "2014.01.22"]
[Round "1"]
[White "Villarroel, Raul"]
[Black "Sepulveda Herrera, Job Rodrigo"]
[Result "0-1"]
[WhiteElo "1918"]
[BlackElo "2283"]
[PlyCount "111"]
[EventDate "2014.01.22"]
[EventType "swiss"]
[EventRounds "7"]
[EventCountry "CHI"]
[SourceTitle "CBM 158 Extra"]
[Source "ChessBase"]
[SourceDate "2014.02.28"]
[SourceVersion "1"]
[SourceVersionDate "2014.02.28"]
[SourceQuality "1"]

1. e4 b6 2. d4 Bb7 3. Bd3 e6 4. Nf3 Nf6 5. Qe2 Be7 6. 0-0 d5 7. e5 Nfd7 8. c3 c5 9. Nbd2 Nc6 10. a3 0-0 11. Rd1 Rc8 12. Nf1 cxd4 13. cxd4 Na5 14. Ne3 Nb3 15. Rb1 Nxc1 16. Rbxc1 Rxc1 17. Rxc1 Qb8 18. Rc3 Rc8 19. Qc2 g6 20. Rxc8+ Qxc8 21. Qxc8+ Bxc8 22. Kf1 a6 23. Ke2 b5 24. Nc2 f6 25. b4 g5 26. Ke3 g4 27. exf6 Bxf6 28. Nd2 Kg7 29. Nb3 h5 30. Nc5 Nb6 31. Kd2 Kh6 32. g3 Kg5 33. Ke2 e5 34. dxe5 Bxe5 35. f4+ gxf3+ 36. Kxf3 Bb2 37. h4+ Kf6 38. Kg2 Nc4 39. Be2 Kg6 40. Bd3+ Kh6 41. Bxc4 dxc4 42. Kf2 Bf5 43. Ne3 Bg6 44. Ne6 c3 45. Nc7 c2 46. Nxc2 Bxc2 47. Nxb5 Bb3 48. Nd6 Bxa3 49. Nf5+ Kg6 50. Ne7+ Kf6 51. Nd5+ Kf5 52. Ne3+ Ke4 53. Ng2 Bxb4 54. Nf4 Bc5+ 55. Ke1 Bf8 56. Ke2 0-1

[Event "Santiago Endesa 5th"]
[Site "Santiago de Chile"]
[Date "2009.11.21"]
[Round "9"]
[White "Garcia Cardenas, Pablo"]
[Black "Sepulveda Herrera, Job Rodrigo"]
[Result "1/2-1/2"]
[WhiteElo "2306"]
[BlackElo "2354"]
[PlyCount "31"]
[EventDate "2009.11.14"]
[EventType "tourn"]
[EventRounds "9"]
[EventCountry "CHI"]
[EventCategory "6"]
[SourceTitle "EXT 2010"]
[Source "ChessBase"]
[SourceDate "2010.11.25"]
[SourceVersion "1"]
[SourceVersionDate "2010.11.25"]
[SourceQuality "1"]

1. e4 g6 2. d4 Bg7 3. Nc3 d5 4. exd5 Nf6 5. Bc4 Nbd7 6. Bg5 Nb6 7. Bxf6 Bxf6 8. Bb3 a5 9. a4 0-0 10. Qf3 Bxd4 11. Nge2 Bg7 12. 0-0-0 Bd7 13. Rhe1 Nc8 14. Nd4 Nd6 15. Kb1 Ra6 16. Qe3 1/2-1/2

[Event "Santiago Endesa 5th"]
[Site "Santiago de Chile"]
[Date "2009.11.19"]
[Round "6"]
[White "Sepulveda Herrera, Job Rodrigo"]
[Black "Alonso, Salvador"]
[Result "1/2-1/2"]
[WhiteElo "2354"]
[BlackElo "2506"]
[PlyCount "31"]
[EventDate "2009.11.14"]
[EventType "tourn"]
[EventRounds "9"]
[EventCountry "CHI"]
[EventCategory "6"]
[SourceTitle "EXT 2010"]
[Source "ChessBase"]
[SourceDate "2010.11.25"]
[SourceVersion "1"]
[SourceVersionDate "2010.11.25"]
[SourceQuality "1"]

1. e4 c5 2. Nf3 Nc6 3. d3 g6 4. g3 Bg7 5. Bg2 e5 6. 0-0 Nge7 7. Nbd2 0-0 8. Re1 d6 9. a4 h6 10. Nc4 Be6 11. c3 Qc7 12. Nfd2 Rad8 13. Qe2 b6 14. Ne3 d5 15. c4 dxc4 16. dxc4 1/2-1/2

[Event "Santiago Endesa 5th"]
[Site "Santiago de Chile"]
[Date "2009.11.15"]
[Round "2"]
[White "Sepulveda Herrera, Job Rodrigo"]
[Black "Valenzuela Fuentealba, Luis"]
[Result "0-1"]
[WhiteElo "2354"]
[BlackElo "2477"]
[PlyCount "78"]
[EventDate "2009.11.14"]
[EventType "tourn"]
[EventRounds "9"]
[EventCountry "CHI"]
[EventCategory "6"]
[SourceTitle "EXT 2010"]
[Source "ChessBase"]
[SourceDate "2010.11.25"]
[SourceVersion "1"]
[SourceVersionDate "2010.11.25"]
[SourceQuality "1"]

1. d4 Nf6 2. Bf4 d5 3. e3 g6 4. Nf3 Bg7 5. Be2 c5 6. c3 Nc6 7. Nbd2 Qb6 8. Qc1 0-0 9. 0-0 Bf5 10. Nh4 Be6 11. a4 Rac8 12. a5 Qd8 13. dxc5 Nxa5 14. b4 Nc6 15. Bb5 Nh5 16. Bg3 Nxg3 17. hxg3 a5 18. Bxc6 Rxc6 19. Rxa5 b6 20. Ra6 Qc8 21. Rxb6 Rxb6 22. cxb6 Qxc3 23. Qxc3 Bxc3 24. Nb3 Bxb4 25. Nd4 Rb8 26. Nc6 Rxb6 27. Nxb4 Rxb4 28. Ra1 Kg7 29. Nf3 Bf5 30. Rd1 Rb1 31. Rxb1 Bxb1 32. Nd4 Kf6 33. g4 e5 34. Nc6 g5 35. f3 Ke6 36. Kf2 Kd6 37. Na5 Bc2 38. Ke2 Kc7 39. Kd2 Kb6 0-1

[Event "Santiago de Chile"]
[Site "Santiago de Chile"]
[Date "2008.10.19"]
[Round "8"]
[White "Sepulveda Herrera, Job Rodrigo"]
[Black "Vargas Maliqueo, Ivan Patricio"]
[Result "1/2-1/2"]
[WhiteElo "2325"]
[BlackElo "2209"]
[PlyCount "150"]
[EventDate "2008.10.13"]
[EventType "tourn"]
[EventRounds "11"]
[EventCountry "CHI"]
[EventCategory "4"]
[SourceTitle "EXT 2009"]
[Source "ChessBase"]
[SourceDate "2008.11.26"]
[SourceVersion "1"]
[SourceVersionDate "2008.11.26"]
[SourceQuality "1"]

1. d4 d6 2. Nc3 e5 3. Nf3 Nd7 4. e4 Ngf6 5. Bc4 exd4 6. Qxd4 Nb6 7. Bb3 Be6 8. Bxe6 fxe6 9. e5 c5 10. Qh4 dxe5 11. Nxe5 Qd4 12. Nf3 Qxh4 13. Nxh4 Nbd5 14. Bd2 0-0-0 15. Nf3 Nb4 16. 0-0-0 Ng4 17. Rhf1 Bd6 18. Bg5 Rd7 19. h3 Nf6 20. Kb1 h6 21. Bc1 Nc6 22. Rfe1 Re8 23. Ne4 Bf8 24. Rxd7 Kxd7 25. c3 e5 26. Kc2 Nxe4 27. Rxe4 Bd6 28. Nd2 b5 29. f3 Ne7 30. Re2 Nf5 31. Ne4 Kc6 32. Kd1 Bc7 33. Be3 Rd8+ 34. Ke1 Rd5 35. Bf2 a5 36. Rd2 c4 37. Ke2 Ne7 38. g4 Ng6 39. Be3 Bd8 40. Ng3 Nh4 41. Nh5 Ng2 42. Rxd5 Kxd5 43. Nxg7 Nxe3 44. Kxe3 Bg5+ 45. Ke2 Bc1 46. b3 cxb3 47. axb3 e4 48. fxe4+ Kxe4 49. Kd1 Bg5 50. Kc2 a4 51. bxa4 bxa4 52. Nf5 a3 53. c4 Bf4 54. Kb3 Bc1 55. Ka2 Ke5 56. Ng3 Bb2 57. Kb3 Bc1 58. Ne2 Bb2 59. Ng3 Bc1 60. Ne2 Bb2 61. Nc3 Kf4 62. c5 Ke5 63. h4 Bc1 64. Kc4 Be3 65. c6 Kd6 66. c7 Kd7 67. Kb3 Bc1 68. Nb5 Kc8 69. Ka2 Kd7 70. Kb1 Bf4 71. Ka2 Bc1 72. Kb3 Kc8 73. Ka2 Kd7 74. Kb3 Kc8 75. Ka2 Kd7 1/2-1/2

[Event "Santiago de Chile"]
[Site "Santiago de Chile"]
[Date "2008.10.14"]
[Round "2"]
[White "Sepulveda Herrera, Job Rodrigo"]
[Black "Cortes Moyano, Julio"]
[Result "1/2-1/2"]
[WhiteElo "2325"]
[BlackElo "2286"]
[PlyCount "108"]
[EventDate "2008.10.13"]
[EventType "tourn"]
[EventRounds "11"]
[EventCountry "CHI"]
[EventCategory "4"]
[SourceTitle "EXT 2009"]
[Source "ChessBase"]
[SourceDate "2008.11.26"]
[SourceVersion "1"]
[SourceVersionDate "2008.11.26"]
[SourceQuality "1"]

1. e4 e5 2. Nf3 Nc6 3. c3 d5 4. Bb5 dxe4 5. Nxe5 Qd5 6. Qa4 Nge7 7. Nxc6 Nxc6 8. c4 Qd6 9. Nc3 Be7 10. 0-0 Bd7 11. Nxe4 Qg6 12. d3 0-0 13. Qd1 a6 14. Ba4 f5 15. Nc3 f4 16. Qf3 Bg4 17. Qe4 Bf5 18. Qf3 Bxd3 19. Re1 Bb4 20. Bxf4 Bxc4 21. Bxc6 bxc6 22. Qg3 Qf7 23. Bxc7 Bxa2 24. h3 Bc5 25. Ne4 Bd4 26. Be5 Bxe5 27. Qxe5 Bd5 28. f3 Rfe8 29. Qd4 Qg6 30. Ra3 Re6 31. Rae3 Rae8 32. Nd2 Rxe3 33. Rxe3 Rxe3 34. Qxe3 h6 35. Qd4 Qe6 36. Kf2 Qe7 37. Nf1 Kf7 38. Ne3 Qf6 39. Qxf6+ Kxf6 40. Nxd5+ cxd5 41. Ke3 g5 42. Kd4 Ke6 43. b4 h5 44. g3 Kd6 45. h4 gxh4 46. gxh4 Ke6 47. f4 Kf5 48. Kxd5 Kxf4 49. Kc6 Kg4 50. Kb6 Kxh4 51. Kxa6 Kg4 52. b5 h4 53. b6 h3 54. b7 h2 1/2-1/2

[Event "CHI-ch Metropolitan sf 0708"]
[Site "Santiago de Chile"]
[Date "2008.02.11"]
[Round "7"]
[White "Valdes Escobar, Alvaro Daniel"]
[Black "Sepulveda Herrera, Job Rodrigo"]
[Result "1-0"]
[WhiteElo "2354"]
[BlackElo "2325"]
[PlyCount "89"]
[EventDate "2008.02.06"]
[EventType "swiss"]
[EventRounds "9"]
[EventCountry "CHI"]
[SourceTitle "EXT 2012"]
[Source "ChessBase"]
[SourceDate "2011.11.24"]
[SourceVersion "1"]
[SourceVersionDate "2011.11.24"]
[SourceQuality "1"]

1. e4 g6 2. d4 Bg7 3. Nf3 c5 4. c4 Nc6 5. dxc5 Nf6 6. Nc3 Qa5 7. Bd3 Qxc5 8. 0-0 0-0 9. a3 Qa5 10. Bd2 Qd8 11. h3 d6 12. Be3 Bd7 13. Be2 Rc8 14. Nd4 Nxd4 15. Bxd4 Bc6 16. Nd5 e5 17. Nxf6+ Qxf6 18. Bxa7 Bxe4 19. Qd2 Qe7 20. Be3 f5 21. f3 Bc6 22. Rad1 f4 23. Bb6 Rf6 24. Bd3 Kh8 25. Bf2 g5 26. b4 h5 27. Be2 Bh6 28. c5 dxc5 29. Bxc5 Qg7 30. Qb2 g4 31. fxg4 Re8 32. Rd6 Rxd6 33. Bxd6 Qf6 34. Bc5 b6 35. Bf2 Bg7 36. b5 Ba8 37. Qc3 Qg6 38. Qc7 f3 39. gxf3 hxg4 40. hxg4 Bh6 41. Qxb6 Qg5 42. Rd1 Rg8 43. Rd6 Bg7 44. Qe3 Qe7 45. Rh6+ 1-0